000 00389nam a2200133Ia 4500
008 151001s9999||||xx |||||||||||||| ||und||
100 _aश्यामा प्रसाद
245 _aभारत गरीब क्यों
250 _a1
260 _bराष्ट्रीय साहित्य प्रकाशन
260 _c2011
300 _a24
365 _b21
999 _c999200
_d999197